00966 2200325 4500001002100000005001500021035002500036007000300061008004100064020002200105040001700127082001700144084001700161090002100178090002200199245009800221250002600319260005400345300002900399504002500428650003300453700001500486700002100501850001200522999002200534990002200556990002000578990002200598990002000620INLIS00000000003404920200612113434 a0010-021800000000775ta180226s2016 yoi g 1 ind d a978-602-386-144-6 aYOPDYOGbind04223a330.9598 a330.9598 DAR aDEP 330.9598 DAR aCB-D.11 2016-27711 aDari krisis ke krisis /cpenulis, Ben White...[et.al]; penyunting, Ben White, Peter Boomgaard aCetakan pertama, 2016 aYogyakarta :bGadjah Mada University Press,c2016 axx, 361 halaman ;c23 cm aTermasuk Bibliografi 4aIndonesia--xKeadaan ekonomi1 aWhite, Ben1 aBoomgaard, Peter aYOPDYOG aCB-D.11/2016-2771 aCB-D.11/2016-2771 a64357-PD/A.2019 aCB-D.11/2016-2771 a64357-PD/A.2019